[Event "2017 WA Reserves Chess Championship"]
[Site "North Woodvale Primary School"]
[Date "2017.06.25"]
[Round "5"]
[White "David Barry"]
[Black "Robin Shaw"]
[WhiteElo "1200"]
[BlackElo "1798"]
[Result "0-1"]

1. e4 g6 2. d4 Bg7 3. Nc3 d6 4. Be3 Nf6 5. Nf3 O-O 6. h3 c5 7. dxc5 Qa5 8. cxd6
Nxe4 9. dxe7 Re8 10. Bd2 Nxc3 11. Bxc3 Bxc3 12. bxc3 Qxc3 13. Nd2 Nc6 14. Be2
Bf5 15. O-O Rxe7 16. Bf3 Rd8 17. Nb1 Qxa1 0-1

[Event "2017 WA Reserves Chess Championship"]
[Site "North Woodvale Primary School"]
[Date "2017.06.25"]
[Round "5"]
[White "Brian Gale"]
[Black "Alex Janceski"]
[WhiteElo "1557"]
[BlackElo "1848"]
[Result "0-1"]

1. d4 Nf6 2. Nf3 d6 3. Bf4 g6 4. e3 Bg7 5. h3 Nbd7 6. Be2 b6 7. O-O Bb7 8. c3
O-O 9. Bh2 c5 10. Nbd2 Rc8 11. Re1 a6 12. a4 h6 13. Bc4 Re8 14. Qb3 d5 15. Be2
e6 16. Qd1 Qe7 17. Ne5 Nxe5 18. Bxe5 Nd7 19. Bxg7 Kxg7 20. f4 Rc7 21. Nf3 f6
22. Bd3 f5 23. Qe2 c4 24. Bc2 Bc6 25. Qf2 0-1

[Event "2017 WA Reserves Chess Championship"]
[Site "North Woodvale Primary School"]
[Date "2017.06.25"]
[Round "5"]
[White "Fred Maris"]
[Black "Natalie Maris"]
[WhiteElo "1529"]
[BlackElo "1695"]
[Result "0-1"]

1. e4 d5 2. exd5 Qxd5 3. Nc3 Qd6 4. d4 Nf6 5. Nf3 Bg4 6. g3 a6 7. Bg2 Nc6 8. Be3
O-O-O 9. h3 Bxf3 10. Qxf3 g6 11. O-O Bg7 12. Rfd1 Rhf8 13. a3 e6 14. b4 Nd5
15. Nxd5 exd5 16. c3 f5 17. Re1 Qf6 18. a4 h6 19. b5 Na5 20. bxa6 Qxa6 21. Qe2
Qxe2 22. Rxe2 Nc4 23. Bc1 c6 24. a5 Kd7 25. a6 Ra8 26. a7 Rfe8 27. Rxe8 Kxe8
28. Bf4 Kd7 29. Bb8 Bf8 30. Bf1 Nd2 31. Bd3 Bd6 32. Bxd6 Kxd6 33. f4 Kc7 34. Kf2
Kb6 35. g4 Ne4 36. Bxe4 dxe4 37. Rb1 Kxa7 38. gxf5 gxf5 39. Rg1 Kb6 40. Rg6
Ra3 41. d5 Rxc3 42. Rxh6 Rd3 43. d6 c5 44. d7 Kc7 45. h4 Kxd7 46. h5 c4 47. Rf6
Rf3 48. Ke2 Rxf4 49. h6 Rh4 50. Rf7 Ke6 51. Rxb7 Ke5 52. h7 Rh2 53. Kd1 f4 54. Rb5
Kd4 55. Rb7 Kd3 56. Rd7 Kc3 57. Re7 e3 58. Rf7 Kd3 59. Rd7 Ke4 60. Re7 Kf3 61. Kc1
c3 62. Rc7 Kf2 63. Rf7 f3 64. Ra7 e2 0-1

[Event "2017 WA Reserves Chess Championship"]
[Site "North Woodvale Primary School"]
[Date "2017.07.02"]
[Round "6"]
[White "Gordon Dunlop"]
[Black "Craig Kinsman"]
[WhiteElo "1913"]
[BlackElo "1916"]
[Result "1/2-1/2"]

1. d4 Nf6 2. c4 e6 3. Nf3 c5 4. d5 exd5 5. cxd5 d6 6. Nc3 g6 7. e4 Bg7 8. Be2
a6 9. a4 Bg4 10. O-O O-O 11. Re1 Nbd7 12. h3 Bxf3 13. Bxf3 Qc7 14. Bf4 Rfe8
15. Qd2 Rab8 16. a5 Ne5 17. Be2 c4 18. Be3 Ned7 19. f3 Nc5 20. Qd1 Nfd7 21. Bxc4
Bxc3 22. bxc3 Nxe4 23. fxe4 Qxc4 24. Qd4 Rxe4 25. Qxc4 Rxc4 1/2-1/2

[Event "2017 WA Reserves Chess Championship"]
[Site "North Woodvale Primary School"]
[Date "2017.07.02"]
[Round "6"]
[White "Robin Shaw"]
[Black "Alex Janceski"]
[WhiteElo "1794"]
[BlackElo "1853"]
[Result "0-1"]

1. e4 c5 2. d4 cxd4 3. c3 dxc3 4. Nxc3 e6 5. Bc4 a6 6. Nf3 b5 7. Bb3 Bb7 8. Qe2
Qc7 9. O-O h6 10. Re1 Ne7 11. a3 d6 12. Bf4 Ng6 13. Bg3 Be7 14. Rac1 Qb6 15. h4
Nd7 16. h5 Nge5 17. Nd4 0-1

[Event "2017 WA Reserves Chess Championship"]
[Site "North Woodvale Primary School"]
[Date "2017.07.02"]
[Round "6"]
[White "James Rutherford"]
[Black "Natalie Maris"]
[WhiteElo "1700"]
[BlackElo "1668"]
[Result "0-1"]

1. d4 Nf6 2. c4 e6 3. Nf3 b6 4. e3 Bb7 5. Bd3 c5 6. O-O Nc6 7. e4 cxd4 8. e5
Ng4 9. Re1 d6 10. Be4 Ngxe5 11. Nxd4 Qd7 12. f4 Nxc4 13. b3 d5 14. Bc2 Nxd4
15. bxc4 Nxc2 16. Qxc2 Rc8 17. Nd2 Bc5 18. Kh1 O-O 19. Bb2 dxc4 20. Qc3 f6 21. Rad1
Qc6 22. Qg3 Bb4 23. Ne4 Bxe1 24. Rxe1 Kf7 25. Qc3 h6 26. h4 Rg8 27. Re2 Rcd8
28. Nxf6 Rd1 29. Kh2 Qc5 30. Nxg8 Qg1 0-1

[Event "2017 WA Reserves Chess Championship"]
[Site "North Woodvale Primary School"]
[Date "2017.07.02"]
[Round "6"]
[White "Victor Markou"]
[Black "Lennard Mechlowski"]
[WhiteElo "1405"]
[BlackElo "1798"]
[Result "0-1"]

1. e4 e6 2. Nf3 d5 3. e5 c5 4. c3 Nc6 5. g3 Qc7 6. Qe2 Nge7 7. Bg2 Ng6 8. d4
cxd4 9. cxd4 Nxd4 10. Nxd4 Qxc1 11. Qd1 Bb4 12. Ke2 Qc4 13. Kf3 Nxe5 14. Ke3
Bc5 15. h3 Nc6 16. Na3 Bxd4 17. Kf3 Ne5 18. Kf4 h6 19. Nxc4 g5 0-1

[Event "2017 WA Reserves Chess Championship"]
[Site "North Woodvale Primary School"]
[Date "2017.07.02"]
[Round "6"]
[White "Lindsay Bordas"]
[Black "David Barry"]
[WhiteElo "1115"]
[BlackElo "1293"]
[Result "0-1"]

1. e4 c5 2. Nf3 d6 3. Bc4 e6 4. d3 Nc6 5. c3 Nf6 6. O-O a6 7. a4 Be7 8. Ng5
O-O 9. Nh3 d5 10. exd5 exd5 11. Bb3 Bxh3 12. gxh3 d4 13. c4 Qc7 14. f4 Bd6 15. Rf2
Ne7 16. Qf1 Ng6 17. f5 Ne7 18. Qg2 Kh8 19. Bg5 Rg8 20. Kf1 Qd7 21. Qf3 Rae8
22. Nd2 Be5 23. a5 Nc6 24. Ba4 Rc8 25. Rg2 Qc7 26. Nb3 Nxa5 27. Ra3 Nxb3 28. Rxb3
Rb8 29. Bxf6 Bxf6 30. Ra3 b5 31. Bc2 bxc4 32. Rxa6 Rxb2 33. dxc4 Qb7 34. Ra3
Qxf3 35. Rxf3 Re8 36. Ra3 h6 37. Ba4 Reb8 38. Bc2 R2b7 39. Be4 Re7 40. Ra8 Rxa8
41. Bxa8 Bg5 42. Re2 Rxe2 43. Kxe2 Bf4 44. Bd5 Kg8 45. Kf3 Bxh2 46. Kg4 Kf8
47. Kh5 d3 48. Bf3 Ke7 49. Bd1 Kf6 50. Kg4 Ke5 51. Kf3 Bf4 52. Kg4 d2 53. h4
g6 54. fxg6 fxg6 55. h5 g5 56. Kf3 Kd4 57. Kf2 Kxc4 58. Kf3 Kd4 59. Kg4 Ke5
60. Kf3 Kf5 61. Ke2 g4 62. Kf2 Kg5 63. Kg2 Kxh5 64. Kh1 Kh4 65. Kg2 c4 66. Kh1
Kg3 67. Bc2 Kf2 68. Bd1 Ke1 0-1

[Event "2017 WA Reserves Chess Championship"]
[Site "North Woodvale Primary School"]
[Date "2017.07.02"]
[Round "6"]
[White "Sebastian Vearncombe"]
[Black "Brian Gale"]
[WhiteElo "823"]
[BlackElo "1604"]
[Result "1-0"]

1. Nf3 d5 2. c4 d4 3. b4 f6 4. g3 e5 5. b5 Bb4 6. a3 Bc5 7. d3 Ne7 8. Bg2 O-O
9. O-O a6 10. Nbd2 Nf5 11. a4 Bd7 12. Ne4 Be7 13. Ba3 Bxa3 14. Rxa3 axb5 15. cxb5
Bxb5 16. Qb3 Kh8 17. Qxb5 b6 18. Rc1 Ra5 19. Qb3 Nd6 20. Nxd6 Qxd6 21. Nd2 b5
22. Raa1 Qd7 23. axb5 Rxb5 24. Qc4 c5 25. Ne4 Rc8 26. Rab1 Rb4 27. Qa2 Qb5 28. Nd6
Qd7 29. Nxc8 Qxc8 30. Qa5 1-0

[Event "2017 WA Reserves Chess Championship"]
[Site "North Woodvale Primary School"]
[Date "2017.07.09"]
[Round "7"]
[White "Natalie Maris"]
[Black "Craig Kinsman"]
[WhiteElo "1695"]
[BlackElo "1916"]
[Result "0-1"]

1. e4 c5 2. d4 cxd4 3. c3 Nf6 4. e5 Nd5 5. Bc4 Qc7 6. Qe2 Nb6 7. Bb3 d3 8. Qe4
Nc6 9. Bf4 e6 10. Nf3 d6 11. Nbd2 Bd7 12. O-O dxe5 13. Nxe5 Nxe5 14. Bxe5 Bd6
15. Nf3 O-O-O 16. Bxd6 Qxd6 17. Ne5 Bc6 18. Qe1 d2 19. Qe2 Rhf8 20. Nxf7 Rxf7
21. Bxe6 Rfd7 22. Rfd1 Kb8 23. Bxd7 Rxd7 24. c4 Qg6 25. f3 Qc2 26. Qe8 Kc7 27. Qe5
Kc8 28. b3 Qg6 29. Qe3 Rd3 30. Qc5 Nd7 31. Qb4 Qg5 32. h4 Qe3 33. Kh2 Bxf3 34. Rf1
d1=Q 35. Raxd1 Rxd1 36. Rxf3 Qe5 0-1

[Event "2017 WA Reserves Chess Championship"]
[Site "North Woodvale Primary School"]
[Date "2017.07.09"]
[Round "7"]
[White "Alex Janceski"]
[Black "Gordon Dunlop"]
[WhiteElo "1848"]
[BlackElo "1867"]
[Result "1/2-1/2"]

1. d4 Nf6 2. c4 e6 3. Nf3 d5 4. Nc3 Be7 5. e3 O-O 6. Bd3 dxc4 7. Bxc4 c5 8. O-O
a6 9. a4 b6 10. Qe2 Bb7 11. Rd1 Qc7 12. Bd3 Nc6 13. h3 Nb4 14. Bb1 Rad8 15. Na2
Nxa2 16. Bxa2 Bc6 17. b3 Qb7 18. Bb2 c4 19. Ne1 Bb4 20. f3 c3 21. Bc1 b5 22. Bb1
bxa4 23. bxa4 a5 24. Qc2 g6 25. e4 Rd7 26. Be3 Ne8 27. Nd3 Nd6 28. Ba2 Qa8 29. Rab1
Rb7 30. Nc5 Bxc5 31. dxc5 Rxb1 32. Rxb1 Nb7 33. Bh6 Re8 34. Qxc3 e5 35. Rb6
Qc8 36. Be3 Qd7 37. Bb3 Kg7 38. Qc4 Rc8 39. Qa6 Rc7 40. Qc4 Qe7 41. Qc3 Kg8
42. Kh2 Qe8 43. Qc2 Qd7 44. Qc4 Kg7 45. Bc2 Qe7 46. Rb1 Qe8 47. Rd1 Qe7 48. f4
exf4 49. Bxf4 Rd7 50. Qc3 f6 51. Rxd7 Qxd7 52. Qc4 g5 53. Bg3 Qe7 54. Bf2 Qe5
55. g3 Qb2 56. Bd4 Qc1 57. Qd3 Qe1 58. Kg2 Qb4 59. Qc3 Qxc3 60. Bxc3 Nxc5 61. Bxa5
Nxe4 1/2-1/2

[Event "2017 WA Reserves Chess Championship"]
[Site "North Woodvale Primary School"]
[Date "2017.07.09"]
[Round "7"]
[White "Lennard Mechlowski"]
[Black "Robin Shaw"]
[WhiteElo "1745"]
[BlackElo "1798"]
[Result "1/2-1/2"]

1. d4 f5 2. c4 Nf6 3. Nc3 e6 4. Nf3 Be7 5. e3 b6 6. Bd3 Bb7 7. Qe2 Nc6 8. O-O
a6 9. e4 fxe4 10. Nxe4 O-O 11. Bd2 Qe8 12. Nxf6 Bxf6 13. Bc3 Qh5 14. Ne5 Qxe2
15. Bxe2 Rad8 16. Nxc6 Bxc6 17. Rad1 Bb7 18. Bb4 Rfe8 19. Ba3 g6 20. Rfe1 Bg7
21. b3 Bf6 22. Bc1 Kg7 23. Bf4 Rc8 24. Be5 Bxe5 25. dxe5 Rcd8 1/2-1/2

[Event "2017 WA Reserves Chess Championship"]
[Site "North Woodvale Primary School"]
[Date "2017.07.09"]
[Round "7"]
[White "David Barry"]
[Black "Fred Maris"]
[WhiteElo "1200"]
[BlackElo "1529"]
[Result "0-1"]

1. e4 e5 2. Nf3 Nc6 3. Bb5 a6 4. Ba4 Nf6 5. O-O b5 6. Bb3 Bb7 7. d3 Bc5 8. a4
b4 9. h3 h6 10. Re1 O-O 11. Nbd2 d6 12. Nf1 Ne7 13. Ng3 c6 14. c3 bxc3 15. bxc3
Qc7 16. Be3 Bxe3 17. Rxe3 Bc8 18. d4 Ng6 19. Qc2 Bd7 20. Rd1 Rad8 21. Qe2 Ra8
22. dxe5 dxe5 23. Qa2 Qc8 24. Kh2 Nf4 25. Ng1 Be6 26. Bxe6 Qxe6 27. Qxe6 Nxe6
28. Nf3 Nc5 29. Nxe5 Rac8 30. Rd6 Nxa4 31. Rxc6 Rxc6 32. Nxc6 Re8 33. c4 g6
34. f4 Nc5 35. e5 Kf8 36. Ne2 Nfd7 37. g3 Nb6 38. Na5 Rd8 39. Kg1 Rd1 40. Kg2
Ke8 41. Kf3 Rf1 42. Kg4 Ra1 43. Nc6 h5 44. Kg5 Nxc4 45. Rc3 0-1

[Event "2017 WA Reserves Chess Championship"]
[Site "North Woodvale Primary School"]
[Date "2017.07.09"]
[Round "7"]
[White "Brian Gale"]
[Black "James Rutherford"]
[WhiteElo "1557"]
[BlackElo "1700"]
[Result "0-1"]

1. e4 e5 2. Nc3 Bb4 3. Nf3 Nc6 4. a3 Bxc3 5. dxc3 h6 6. Bc4 Nf6 7. Qe2 O-O 8. Ba2
d6 9. Bd2 Qe7 10. O-O-O Be6 11. Bxe6 Qxe6 12. Kb1 a5 13. a4 Rfb8 14. Nh4 b5
15. axb5 Na7 16. c4 c6 17. Bxa5 Nxb5 18. cxb5 Rxa5 19. c3 Qa2 20. Kc2 Raxb5
21. Qe3 Rxb2 22. Kd3 Qa6 0-1